Código de Comercio

Uloženo v:
Podrobná bibliografie
Korporativní autor: República del Uruguay (Autor)
Médium: Kniha
Jazyk:španělština
Vydáno: Montevideo A. Barreiro y Ramos 1909
Vydání:3a. ed
Edice:Códigos y Leyes Usuales
Témata:
Tagy: Přidat tag
Žádné tagy, Buďte první, kdo vytvoří štítek k tomuto záznamu!

MARC

LEADER 00000nam a2200000 a 4500
001 UCR4245
003 CL-VaPUC
008 980307e19090000UY |||||||||||||||||spa|d
082 0 4 |a 346.8907  |b REP  |2 21 
110 2 |a República del Uruguay  |e author  |9 404027 
245 1 0 |a Código de Comercio 
250 |a 3a. ed 
300 |a 524 p 
942 |c BK 
945 |d 19980307 00:00:00  |a crobeson 
260 |a Montevideo  |b A. Barreiro y Ramos  |c 1909 
650 0 |a Derecho comercial   |9 256340 
650 0 |a Código de comercio   |9 329302 
650 0 |a Comercio  |9 255341 
650 0 |a Derecho civil  |9 255013 
650 0 |a Derecho privado  |9 258243 
650 0 |a Sociedades comerciales   |9 257290 
651 0 |a Uruguay  |9 255194 
583 |a last modification  |c 19980307 00:00:00  |k Rodrigo Vera 
490 0 |a Códigos y Leyes Usuales 
999 |c 267193  |d 267191 
952 |0 0  |1 0  |4 0  |6 346_890700000000000_REP_1909  |7 0  |8 X  |9 299416  |a BIBDER  |b BIBDER  |d 2019-11-20  |i 1948474  |o 346.8907 REP 1909  |p 1948474  |r 2023-01-25  |w 2019-11-20  |y BK_X  |k DER